Detalles MARC
| 000 -CABECERA |
| campo de control de longitud fija |
01110nam a2200289 a 4500 |
| 001 - NÚMERO DE CONTROL |
| campo de control |
000023572 |
| 005 - FECHA Y HORA DE LA ÚLTIMA TRANSACCIÓN |
| campo de control |
20200930022322.0 |
| 008 - DATOS DE LONGITUD FIJA--INFORMACIÓN GENERAL |
| campo de control de longitud fija |
101214s1966 sp a r 001 0 spa d |
| 040 ## - FUENTE DE LA CATALOGACIÓN |
| Centro catalogador/agencia de origen |
DO-SdBNP |
| Lengua de catalogación |
spa |
| Centro/agencia transcriptor |
BNPHU |
| 041 17 - CÓDIGO DE LENGUA |
| Código de lengua del texto/banda sonora o título independiente |
spa |
| Código de lengua original |
eng |
| Fuente del código |
Código de idiomas MARC |
| 082 ## - NÚMERO DE LA CLASIFICACIÓN DECIMAL DEWEY |
| Número de clasificación |
536.7 |
| Número de documento/Ítem |
B923p |
| 049 ## - FONDOS LOCALES (OCLC) |
| Fondos de biblioteca |
BNGR |
| 100 1# - ENTRADA PRINCIPAL--NOMBRE DE PERSONA |
| Nombre de persona |
Buckingham, Amyarnd David, |
| 9 (RLIN) |
48589 |
| 240 14 - TÍTULO UNIFORME |
| Título uniforme |
The laws and applications of thermodynamics. |
| Lenguaje de la obra |
Español. |
| 245 14 - MENCIÓN DE TÍTULO |
| Título |
Los principios de la termodinámica y sus aplicaciones / |
| Mención de responsabilidad, etc. |
A. D. Buckinghame ; traducción de Antonio Roig. |
| 260 ## - PUBLICACIÓN, DISTRIBUCIÓN, ETC. |
| Lugar de publicación, distribución, etc. |
Madrid : |
| Nombre del editor, distribuidor, etc. |
Alhambra, |
| Fecha de publicación, distribución, etc. |
1966. |
| 300 ## - DESCRIPCIÓN FÍSICA |
| Extensión |
viii, 292 p. : |
| Otras características físicas |
il. ; |
| Dimensiones |
20 cm. |
| 490 1# - MENCIÓN DE SERIE |
| Mención de serie |
Exedra |
| Designación de volumen o secuencia |
5 |
| 490 1# - MENCIÓN DE SERIE |
| Mención de serie |
Sección III, Físico-Química |
| Designación de volumen o secuencia |
4 |
| 504 ## - NOTA DE BIBLIOGRAFÍA, ETC. |
| Nota de bibliografía, etc. |
Incluye notas al pie de las páginas. |
| 534 ## - NOTA SOBRE LA VERSIÓN ORIGINAL |
| Frase introductoria |
Título original en inglés: |
| Mención de título del original |
The laws and applications of thermodynamics. |
| Publicación, distribución, etc. del original |
London : Pergamon |
| 500 ## - NOTA GENERAL |
| Nota general |
Incluye índice |
| 650 #4 - PUNTO DE ACCESO ADICIONAL DE MATERIA--TÉRMINO DE MATERIA |
| Término de materia o nombre geográfico como elemento de entrada |
Termodinámica |
| 9 (RLIN) |
21067 |
| 650 #4 - PUNTO DE ACCESO ADICIONAL DE MATERIA--TÉRMINO DE MATERIA |
| Término de materia o nombre geográfico como elemento de entrada |
Termodinámica |
| Subdivisión general |
Problemas, ejercicios, etc. |
| 9 (RLIN) |
48590 |
| 700 1# - PUNTO DE ACCESO ADICIONAL--NOMBRE DE PERSONA |
| Nombre de persona |
Roig, Antonio |
| Término indicativo de función/relación |
tr. |
| 9 (RLIN) |
48591 |
| 830 #0 - PUNTO DE ACCESO ADICIONAL DE SERIE-TÍTULO UNIFORME |
| Título uniforme |
Exedra. |
| Nombre de parte o sección de la obra |
Sección II, Física ; |
| Designación de volumen o secuencia |
5 |
| Número de parte o sección de la obra |
4 |
| 9 (RLIN) |
48592 |